Band Members by Instrument - Later Alt / Post-Grunge Edition - Statistics

General Stats
  • This quiz has been taken 148 times
  • The average score is 15 of 46
Answer Stats
Band Instrument or Role Answer % Correct
Foo Fighters (1997-2010) Vocals, Rhythm Guitar Dave Grohl
95%
Oasis (1991-1999) Vocals Liam Gallagher
86%
Green Day (1990-present) Vocals, Guitar Billie Joe Armstrong
85%
Oasis (1991-1999) Lead Guitar, Vocals Noel Gallagher
84%
Nine Inch Nails (1988-2016) Everything Trent Reznor
74%
Linkin Park (1999-2017) Vocals Chester Bennington
71%
Weezer (1994-2001) Vocals, Lead Guitar Rivers Cuomo
67%
Foo Fighters (1997-2010) Drums Taylor Hawkins
62%
Green Day (1990-present) Drums Tre Cool
62%
Blur (1988-present) Vocals Damon Albarn
61%
Nickelback (1998-present) Vocals, Lead Guitar Chad Kroeger
48%
Green Day (1990-present) Bass Mike Dirnt
48%
Linkin Park (1999-2017) Vocals, Rhythm Guitar Mike Shinoda
42%
Garbage (1993-present) Vocals Shirley Manson
41%
Sublime (1988-1996) Vocals, Guitar Bradley Nowell
35%
Nickelback (1998-present) Bass Mike Kroeger
35%
Foo Fighters (1997-2010) Lead Guitar Pat Smear / Franz Stahl / Chris Shiflett
33%
Live (1989-2009) Lead Guitar Chad Taylor
32%
Oasis (1991-1999) Rhythm Guitar Paul "Bonehead" Arthurs
32%
Blur (1988-present) Guitar Graham Coxon
30%
Blur (1988-present) Bass Alex James
29%
Weezer (1994-2001) Bass Matt Sharp / Mikey Welsh
26%
Weezer (1994-2001) Drums Patrick Wilson
23%
Blur (1988-present) Drums Dave Rowntree
22%
Creed (1993-2004) Vocals Scott Stapp
21%
Oasis (1991-1999) Drums Tony McCarroll / Alan White
20%
Weezer (1994-2001) Rhythm Guitar Brian Bell
18%
Garbage (1993-present) Drums Butch Vig
18%
Sublime (1988-1996) Bass Eric Wilson
18%
Oasis (1991-1999) Bass Paul "Guigsy" McGuigan
18%
Linkin Park (1999-2017) DJ Joe Hahn
16%
Foo Fighters (1997-2010) Bass Nate Mendel
16%
Linkin Park (1999-2017) Guitar Brad Delson
13%
Creed (1993-2004) Guitar Mark Tremonti
10%
Linkin Park (1999-2017) Drums Rob Bourdon
10%
Linkin Park (1999-2017) Bass Dave Farrell
7%
Live (1989-2009) Vocals, Rhythm Guitar Ed Kowalczyk
7%
Nickelback (1998-present) Rhythm Guitar Ryan Peake
7%
Garbage (1993-present) Guitar Duke Erikson
6%
Nickelback (1998-present) Drums Ryan Vikedal / Daniel Adair
6%
Creed (1993-2004) Drums Scott Phillips
6%
Live (1989-2009) Bass Patrick Dahlheimer
5%
Garbage (1993-present) Guitar Steve Marker
5%
Creed (1993-2004) Bass (until 2001) Brian Marshall
4%
Sublime (1988-1996) Drums Bud Gaugh
4%
Live (1989-2009) Drums Chad Gracey
4%
No matching quizzes found
Score Distribution
Percent of People with Each Score
Percentile by Number Answered
Your Score History
You have not taken this quiz